000 00749cam a22002413a 4500
001 2656
003 PGUSA
005 20140828083019.0
008 040930s2004||||xxu|||||s|||||000 | eng d
040 _aPGUSA
_beng
042 _adc
050 4 _aE456
100 1 _aLincoln, Abraham,
_d1809-1865
245 1 4 _aThe Papers And Writings Of Abraham Lincoln — Volume 4 :
_bThe Lincoln-Douglas Debates
_h[electronic resource] /
_cAbraham Lincoln
260 _bProject Gutenberg,
_c2004
506 _aPublic domain in the USA.
516 _aElectronic text
653 _aLincoln-Douglas Debates, Ill., 1858
700 1 _aLapsley, Arthur Brooks
830 0 _aProject Gutenberg
_v2656
856 4 0 _uhttp://www.gutenberg.org/ebooks/2656
942 _cEB
999 _c231989
_d231989